مكتبة جامعة عجلون الوطنية

فهرس بحث المكتبة

Normal view MARC view
  • الفقه الاسلامي

Entry Topical Term

Number of records used in: 1

001 - CONTROL NUMBER

  • control field: 57834

003 - CONTROL NUMBER IDENTIFIER

  • control field: JO-AjAnu

005 - DATE AND TIME OF LATEST TRANSACTION

  • control field: 20230606083452.0

008 - FIXED-LENGTH DATA ELEMENTS

  • fixed length control field: 230606|| aca||aabn | a|a d

040 ## - CATALOGING SOURCE

  • Original cataloging agency: JO-AjAnu
  • Transcribing agency: JO-AjAnu

150 ## - HEADING--TOPICAL TERM

  • Topical term or geographic name entry element: الفقه الاسلامي

670 ## - SOURCE DATA FOUND

  • Source citation: Work cat.: (JO-AjAnu)29508: اعداد الغراغير، يوسف ابراهيم احمد؛ اشراف عماد عبدالحفيظ الزيادات, author 57833, مجرى الانهر على ملتقى الابحر للامام نور الدين محمود بن بركات بن محمد الباقاني(ت974)-دراسة وتحقيق- من مقدمة المخطوط الى نهاية كتاب الصلاة=The course of the rivers on the Forum Abhar The imam of Nur al-Din bin Mahmoud bin Mohammed Barakat Albaghani -Study and investigation- Introduction of the manuscript to the end of the prayer book